| 000 | 00803na a2200265 4500 | ||
|---|---|---|---|
| 001 | 17139 | ||
| 003 | MIRAKIL | ||
| 005 | 20181213154838.0 | ||
| 008 | 161022b tu 000 0 | ||
| 035 | _a17139 | ||
| 040 |
_aMilas _btur _cTR-AnCHP |
||
| 041 | _atur | ||
| 082 |
_a347.0520263 _bA54a 1999 |
||
| 090 | _a347.0520263 A54a 1999 | ||
| 110 | _aAnkara Barosu | ||
| 245 |
_aAvukatlık Kanunu _cAnkara Barosu |
||
| 260 |
_aAnkara _bAnkara Barosu _c1999 |
||
| 300 |
_a252 s. _c24 sm. |
||
| 610 |
_aAnkara Barosu _xStaj _zYönetmelikler |
||
| 610 |
_aTürkiye Barolar Birliği _xHukuk ve mevzuat |
||
| 650 |
_aAvukatlık _xMeslek kuralları _zTürkiye |
||
| 650 |
_aBarolar _xKanunlar ve yönetmelikler _zTürkiye |
||
| 650 |
_aAvukatlık _xKanunlar ve yönetmelikler _zTürkiye |
||
| 942 |
_2ddc _cBKS |
||
| 999 |
_c1884 _d1884 |
||